000 00852nam a2200217 a 4500
001 BRCA_790
005 20190320203142.0
008 090408s1995----sp-a---###---#000-0#spa-#
020 _a8486763940
050 4 _aZ232.P53
_b.C75 1995
245 1 0 _aCristóbal Plantino
_bun siglo de intercambios culturales entre Amberes y Madrid.
260 _aMadrid
_bFundación Carlos Amberes
_c1995
300 _a143 p.
_bil. (algunas a color), fotografías
_c28 cm.
500 _aCatálogo de la exposición realizada en la Fundación Carlos Amberes (Madrid), 23 enero - 20 marzo, 1995
504 _aBibliografía : p. 141-142
600 1 4 _aPlantino, Cristóbal
_d1520-1589
_92629
650 1 4 _aImprenta
_ySiglo XVI
_zAlemania
_92630
650 1 4 _aEncuadernación
_ySiglo XVI
_zAlemania
_92631
650 1 4 _aIndustria editorial
_ySiglo XVI
_zEuropa
_92632
942 _2lcc
_cB
999 _c686
_d686